<?xml version="1.0" encoding="UTF-8"?>
<marc:record xmlns:marc="http://www.loc.gov/MARC21/slim">
   <marc:leader>00000nam a2200000 a 4500</marc:leader>
   <marc:datafield ind1="1" ind2=" " tag="100">
      <marc:subfield code="a">Dahlke, Ruediger</marc:subfield>
      <marc:subfield code="4">aut</marc:subfield>
      <marc:subfield code="e">Verfasser/-in</marc:subfield>
   </marc:datafield>
   <marc:datafield ind1=" " ind2=" " tag="653">
      <marc:subfield code="a">Zukunft</marc:subfield>
   </marc:datafield>
   <marc:datafield ind1="0" ind2="0" tag="245">
      <marc:subfield code="a">Woran krankt die Welt ?</marc:subfield>
   </marc:datafield>
   <marc:datafield ind1="0" ind2="0" tag="245">
      <marc:subfield code="b">Moderne Mythen gefährden unsere Zukunft</marc:subfield>
   </marc:datafield>
   <marc:datafield ind1="0" ind2="0" tag="245">
      <marc:subfield code="c">Ruediger Dahlke</marc:subfield>
   </marc:datafield>
   <marc:datafield ind1=" " ind2="1" tag="264">
      <marc:subfield code="a">München</marc:subfield>
      <marc:subfield code="b">Riemann Verlag</marc:subfield>
      <marc:subfield code="c">2001</marc:subfield>
   </marc:datafield>
   <marc:datafield ind1="1" ind2=" " tag="520">
      <marc:subfield code="a">Nie zuvor in der Menschheitsgeschichte hatten wir die Möglichkeit, das Leben auf unserem Planeten grundsätzlich in Frage zu stellen. Nie zuvor bestand die Gefahr, dass wir mit Atomwaffen, mit bedenkenlosem Einsatz von Technik und mit Genmanipulation die Erde zu einem unwirtlichen Ort machen. Weltweit sind wir heute mit grundsätzlichen Problemen wie dem Verlust der Artenvielfalt, Überbevölkerung, der Erschöpfung natürlicher Ressourcen und dem Klimawandel konfrontiert, die uns insgesamt vor die Frage stellen, ob nicht unser Weltverständnis falsch oder zumindest einseitig ist. Vor diesem Hintergrund analysiert der Arzt und Therapeut Ruediger Dahlke die Probleme und Phänomene der Neuzeit. Die Frage &#x94;Woran krankt die Welt?&#x94; ist einfach beantortet: Sie krankt am Menschen. Genauer gesagt am Weltbild des ausgehenden Jahrtausends und an unserem mangelnden Verständnis für die Gesetzmäßigkeiten, die unserem geistig-körperlichen Erdendasein zugrunde liegen. Daher setzt sich dieses Buch anhand zahlreicher Beispiele mit den Grundannahmen, den Paradigmen bzw. Mythen auseinander, die unserem Umgang miteinander und mit der Natur zugrunde liegen. (Verl.txt)</marc:subfield>
   </marc:datafield>
   <marc:datafield ind1=" " ind2=" " tag="020">
      <marc:subfield code="a">3 570 850022</marc:subfield>
      <marc:subfield code="9">3 570 850022</marc:subfield>
   </marc:datafield>
   <marc:datafield ind1="0" ind2=" " tag="490">
      <marc:subfield code="v">0</marc:subfield>
   </marc:datafield>
   <marc:datafield ind1=" " ind2=" " tag="300">
      <marc:subfield code="a">414 S.</marc:subfield>
   </marc:datafield>
</marc:record>
